000 00666nam a2200229 i 4500
001 C2-0308883
003 PPAK
005 20180728095811.0
008 110518s2009 my a|||| ||||| | eng d
020 _a9789834407025
040 _aPPAK
_beng
_cPPAK
_erda
082 0 4 _a323.4
_223
090 0 0 _a323.4
_bMAL
_dKMI
245 0 0 _aMalaysia human rights report 2008 :
_bcivil & political rights
264 1 _aPetaling Jaya, Selangor :
_bSUARAM Kommunikasi ,
_c2009
300 _a215 pages :
_billustrations ;
_c25 cm
336 _2rdacontent
_atext
337 _2rdamedia
_aunmediated
338 _2rdacarrier
_avolume
650 1 0 _aHuman rights.
942 _ddc
_cB
999 _c111451
_d111451